تحميل...

Parties and politics at the mughal court 1707-1740

التفاصيل البيبلوغرافية
المؤلف الرئيسي: Chandra, Satish
التنسيق: Printed Book
منشور في: Newdelhi Peoples 1972
الطبعة:2nd
LEADER 00409nam a22001217a 4500
100 |a Chandra, Satish 
245 |a Parties and politics at the mughal court 1707-1740 
250 |a 2nd 
260 |a Newdelhi  |b Peoples  |c 1972 
300 |a 323p. 
942 |c BK 
999 |c 289745  |d 289745 
952 |0 0  |1 0  |4 0  |6 954_025000000000000_CHA_P  |7 0  |9 329472  |a HIS  |b HIS  |c ST1  |d 2015-12-28  |i 17452  |l 0  |o 954.025 CHA/P  |p HIS17452  |r 2018-08-23  |w 2018-08-23  |y BK